Población y Cultura en América Latina /
Analiza la relación entre los fenómenos demográficos y la cultura, la cual se califica como altamente problemática, ante todo porque la demografía y las ciencias de la cultura se han desarrollado apoyadas en paradigmas contrapuestos. La población ha sido estudiada en términos de una contabilidad hum...
Sparad:
| Huvudupphovsman: | |
|---|---|
| Övriga upphovsmän: | , |
| Materialtyp: | Okänd |
| Publicerad: |
San José:
FLACSO. Secretaría General; FNUAP
|
| Ämnen: | |
| Taggar: |
Lägg till en tagg
Inga taggar, Lägg till första taggen!
|
MARC
| LEADER | 00000 a2200000 04500 | ||
|---|---|---|---|
| 001 | 6883 | ||
| 003 | |||
| 008 | 991231s d | ||
| 040 | |||
| 090 | |a 126504 | ||
| 100 | |a Gomáriz Moraga, Enrique | ||
| 245 | |a Población y Cultura en América Latina / |c Enrique Gomáriz Moraga | ||
| 260 | |a San José: |b FLACSO. Secretaría General; FNUAP | ||
| 300 | |a 210 p | ||
| 520 | |a Analiza la relación entre los fenómenos demográficos y la cultura, la cual se califica como altamente problemática, ante todo porque la demografía y las ciencias de la cultura se han desarrollado apoyadas en paradigmas contrapuestos. La población ha sido estudiada en términos de una contabilidad humana, concediendo poca importancia a lo simbólico, mientras que los procesos poblacionales no han sido considerados muy pertinentes para el estudio de la cultura, pese a la reiterada declaración de que todas las acciones humanas tienen una dimensión simbólica. En el estudio de la relación entre población y cultura se ha enfrentado dificultades por el estatus epistemológico que otorga la sociedad y los métodos que se utilizan para avanzar en el conocimiento. Los estudiosos de la población privilegian el concepto de sociedad como agregado numérico y por tanto los métodos cuantitativos, mientras que los estudiosos de la cultura ponen énfasis en el aspecto expresivo de la cultura y por ello en los aspectos cualitativos. Se ahonda en la problemática de población y cultura, recurriendo a la lectura demográfica de una obra literaria, se trata de la obra de Gabriel García Márquez "Crónica de una Muerte Anunciada". A su vez se destacan las propuestas de Isabel Hernández, quien considera necesario lograr la modernidad e integración social a partir de la universalización de la ciudadanía, a la vez que resulta necesario fortalecer la identidad cultural de las poblaciones en las que trabaja. La contribución de la investigación sociocultural a este objetivo se centra en la dimensión de las políticas de población, considerando las particularidades culturales de cada una, a fin de no violentarlas, esto no podrá lograrse si no son los propios afectados los que participan en la definición de sus problemas y políticas para contrarrestarlos, así como en su diseño, implementación y evaluación. OB/LOB | ||
| 650 | |a IDENTIDAD CULTURAL | ||
| 650 | |a PARTICIPACION SOCIAL | ||
| 650 | |a CONDICIONES DE VIDA | ||
| 650 | |a GRUPOS DE INTERESES | ||
| 650 | |a ASPECTOS SOCIALES | ||
| 650 | |a CRECIMIENTO DEMOGRAFICO | ||
| 650 | |a INTEGRACION SOCIAL | ||
| 650 | |a ESTRATEGIA DEL DESARROLLO | ||
| 650 | |a FNUAP | ||
| 700 | |a Hernández, Isabel | ||
| 700 | |a eds | ||
| 999 | |c 6128 |d 6128 | ||
